00382 2200157 4500245005800000020002300058250001000081100001800091650001900109005001900128260003700147041001400184084000800198300000900206336000900215 aEnglish Power Iam Smart Class XIcDrs.Syaiful MhText a978-623-977784-4-6 acet.1 aDrs.Syaiful M aBahasa Inggris a20250113082210 aJakatabUsaha Buku Rorotanc2021 aIndonesia a420 a67 : atext